000 00663nam a2200205 a 4500
001 2352
005 20221127090424.0
008 101228s lxxua | 00100 eng d
020 _a9780735625372(pbk) :
_cSR188.00
082 0 4 _a005.2768
_bH169 2008
100 1 _aHalvorson, Michael.
245 1 0 _aMicrosoft Visual Basic 2008 step by step /
_cMichael Halvorson.
260 _aRedmond, WA :
_bMicrosoft Press,
_c2008.
300 _axxx, 544 p. :
_bill. ;
_c23 cm.
_e2 CD.
504 _aIncludes bibl. references and index.
650 4 _aMicrosoft Visual BASIC.
650 4 _aBASIC(Computer program language).
650 4 _aMicrosoft.
650 4 _aWeb sites
_xDesign.
999 _c2350
_d2350